Sports Quiz

Random Sports or Golf Quiz

Top 5's on the PGA Tour - 1980's Quiz Stats

 Plays Quiz not verified by Sporcle

Score 0/66 Timer 07:00
0 Plays Today
Country Golfer % Correct
USAJack Nicklaus
97.6%
AustraliaGreg Norman
95.3%
USATom Watson
92.4%
GermanyBernhard Langer
89.6%
SpainSeve Ballesteros
89.1%
EnglandNick Faldo
88.6%
USATom Kite
88.2%
ZimbabweNick Price
86.7%
USALee Trevino
84.4%
USAFuzzy Zoeller
82.5%
USAFred Couples
82%
USACurtis Strange
80.1%
USAHale Irwin
80.1%
USAPayne Stewart
78.2%
USABen Crenshaw
76.3%
USARaymond Floyd
73.5%
USAJohnny Miller
71.6%
USACraig Stadler
71.1%
USAPaul Azinger
71.1%
USALarry Mize
69.2%
USALanny Wadkins
67.3%
USABobby Wadkins
67.3%
USAKen Green
66.8%
USACorey Pavin
65.4%
USALarry Nelson
60.2%
USABob Tway
60.2%
USAMark Calcavecchia
59.7%
USAJerry Pate
56.9%
USAMark O'Meara
56.4%
USAHal Sutton
56.4%
USAScott Simpson
54.5%
USATim Simpson
54.5%
AustraliaDavid Graham
51.7%
Country Golfer % Correct
USAScott Hoch
48.8%
USACalvin Peete
48.3%
USABill Rogers
45%
USADan Pohl
36%
USAJohn Cook
35.5%
USAJay Haas
35.1%
South AfricaDavid Frost
35.1%
USAChip Beck
34.6%
USAAndy Bean
32.7%
USAGil Morgan
30.8%
USABruce Lietzke
29.4%
USAJohn Mahaffey
27%
USAMark McCumber
23.7%
USAMike Reid
22.7%
USAJim Thorpe
22.3%
USARoger Maltbie
21.3%
USAPeter Jacobsen
20.9%
USAWayne Levi
19.9%
USAMike Donald
19%
USABobby Clampett
18.5%
USADon Pooley
13.7%
USAJoey Sindelar
10.9%
USAD.A. Weibring
10.4%
USADavid Edwards
6.6%
USADanny Edwards
6.6%
USAGary Hallberg
5.2%
USAMark Lye
4.3%
USADoug Tewell
2.8%
USAJack Renner
2.8%
USARex Caldwell
2.4%
USAGeorge Burns
1.9%
USALon Hinkle
1.9%
USAMike Sullivan
1.4%

You're not logged in!

Compare scores with friends on all Sporcle quizzes.
OR
Log In

Sporcle TV

Today on Sporcle TV


Watch our educational content, quiz creation guides, and fun videos on Sporcle TV.

Show Comments

Extras

Top Quizzes Today


Score Distribution

Your Account Isn't Verified!

In order to create a playlist on Sporcle, you need to verify the email address you used during registration. Go to your Sporcle Settings to finish the process.

Report this User

Report this user for behavior that violates our Community Guidelines.

Details: